| 000 | 00900cad a22002175a 4500 | ||
|---|---|---|---|
| 001 | L153581 | ||
| 008 | 110808s2011 xxk f 000 0 eng d | ||
| 035 | _a(Sirsi) u153581 | ||
| 041 | _aeng | ||
| 050 | _a306.8 | ||
| 110 |
_aRoyal Institute of British Architects _92527 |
||
| 245 |
_aGood design _bit all adds up _h[electronic resource] |
||
| 260 |
_aLondon _bRIBA _c2011 |
||
| 520 | _aThis report emphasises that design that resolves problems and answers needs will pay for itself over a building's lifetime. | ||
| 590 | _aKA | ||
| 651 | 4 |
_aUnited Kingdom _y |
|
| 690 | _aBUILT ENVIRONMENT-CONSTRUCTION DESIGN | ||
| 690 | _aPROPERTY-RESIDENTIAL PROPERTY-DOMESTIC RESIDENTIAL PROPERTY-HOUSING | ||
| 856 | 4 | 0 |
_uhttps://www.architecture.com/Files/RIBAHoldings/PolicyAndInternationalRelations/Policy/Gooddesignitalladdsup.pdf _zView this item free of charge at www.architecture.com |
| 942 | _n0 | ||
| 999 |
_c112598 _d112598 |
||